01500nam a2200229Ia 4500952010600000999001700106008004100123020001500164050001800179100002800197245014100225260003700366300001900403500005500422505057100477519009901048650001801147700002801165700002901193700004101222942000701263 00104070a18b18d2011-09-02l3oHF5635 P9518p18 001416r2024-06-01s2024-05-31t1w2012-06-26yLB c74569d74569120626s1981 mx 000 0 spa d a9682602688 aHF5635bP95181 aPyle, William W.eautor10aPrincipios fundamentales de contabilidadc / William W. Pyle, John Arch White y Kermit D Larson; traducción deAlberto Garcìa Mendoza3 aMéxicob : Continentalc, 1981 a1117 páginas aTraducción de: FUNDAMENTAL ACCOUNTING PRINCIPLES aLa contabilidad: una introducción a sus conceptos Registro de las transacciones Ajustes de las cuentas y elaboración de los estados financieros La hoja de trabajo y el cierre de las cuentas La contabilidad en una empresa comercial Sistemas de contabilidad Contabilidad relacionada con el efectivo Documentos y cuentas por cobrar Inventarios y costo de los artículos vendidos Planta y equipo Contabilidad referente a nóminas Pasivos a corto y largo plazo La contabilidad en las sociedades de personas Las sociedades anónimas: su constitución y operación aEducación Mixta / bAdministración / cFundamentos de Contabilidad (B02-3) / d(18 001416) aCONTABILIDAD  aWhite, John Archeautor aLarson, Kermit D.eautor aGarcía Mendoza, Albertoetraductor cLB